Les mangas les plus vendus - Statistiques

Statistiques générales
  • Ce quiz a été pris 206 fois
  • Le résultat moyen est 4 sur 10
Statistiques - réponses
Ventes
Manga % Correct
516 600 000 One piece
99%
260 000 000 Naruto
94%
300 000 000 Dragon Ball
88%
150 000 000 Demon Slayer
58%
270 000 000 Détective Conan
37%
170 000 000 Slam Dunk
18%
300 000 000 Golgo 13
12%
300 000 000 Doraemon
9%
148 000 000 Crayon Shin-chan
3%
156 500 000 KochiKame
3%
Aucun quiz correspondant
Distribution des résultats
% des personnes avec chaque résultat
Percentile par nombre de réponses
Votre historique - résultats
Vous n’avez pas pris ce quiz